Licenciatura en educación primaria : (Record no. 208416)

MARC details
000 -CABECERA
campo de control de longitud fija 00964nam a22002417a 4500
003 - IDENTIFICADOR DEL NÚMERO DE CONTROL
campo de control UPN
005 - FECHA Y HORA DE LA ÚLTIMA TRANSACCIÓN
campo de control 20240509064305.0
008 - ELEMENTOS DE LONGITUD FIJA--INFORMACIÓN GENERAL
campo de control de longitud fija 220429t1999 mx|||||fr||||f00| 0 spa d
020 ## - NÚMERO INTERNACIONAL NORMALIZADO PARA LIBROS
Número Internacional Estándar del Libro 9701828364
040 ## - FUENTE DE LA CATALOGACIÓN
Centro catalogador/agencia de origen MX-MxUPN
Lengua de catalogación spa
Centro/agencia transcriptor MX-MxUPN
050 14 - SIGNATURA TOPOGRÁFICA DE LA BIBLIOTECA DEL CONGRESO
Número de clasificación LB2002 A1
Número de documento/Ítem L5.3 1999
245 00 - MENCIÓN DE TÍTULO
Título Licenciatura en educación primaria :
Resto del título primer semestre
250 ## - MENCIÓN DE EDICIÓN
Mención de edición 3a ed. rev.
260 ## - PUBLICACIÓN, DISTRIBUCIÓN, ETC.
Lugar de publicación, distribución, etc. México :
Nombre del editor, distribuidor, etc. SEP ,
Fecha de publicación, distribución, etc. 1999.
300 ## - DESCRIPCIÓN FÍSICA
Extensión 110 p. :
440 ## - MENCIÓN DE SERIE/ASIENTO SECUNDARIO--TÍTULO
9 (RLIN) 44338
Título Programa para la Transformación y el Fortalecimiento Académicos de las Escuelas Normales
500 ## - NOTA GENERAL
Nota general "Elaborado por el personal académico de la Subsecretaría de Educación Básica y Normal de la Secretaría de Educación Pública".
650 #4 - ASIENTO SECUNDARIO DE MATERIA - TERMINO TEMATICO
Término de materia o nombre geográfico como elemento de entrada Maestros en servicio, Formación de
Subdivisión geográfica MEXICO
9 (RLIN) 390
650 #4 - ASIENTO SECUNDARIO DE MATERIA - TERMINO TEMATICO
Término de materia o nombre geográfico como elemento de entrada Educación media superior
Subdivisión geográfica México
Subdivisión general Planes y programas
9 (RLIN) 2254
710 1# - ASIENTO SECUNDARIO - NOMBRE CORPORATIVO
Nombre de entidad corporativa o nombre de jurisdicción como elemento de entrada México.
Unidad subordinada Subsecretaría de Educación Básica y Normal
9 (RLIN) 27954
942 ## - ELEMENTOS DE PUNTO DE ACCESO ADICIONAL (KOHA)
Fuente del sistema de clasificación o colocación Library of Congress Classification
Tipo de ítem Koha Libro
Holdings
Estado de retiro Estado de pérdida Fuente del sistema de clasificación o colocación Estado dañado No para préstamo Código de colección Localización permanente Ubicación/localización actual Ubicación en estantería Fecha de adquisición Clasificación Código de barras Fecha visto por última vez Precio válido a partir de Tipo de ítem Koha
    Library of Congress Classification   Coleccion LTG Libros de texto gratuitos Bib. Gregorio Torres Quintero Bib. Gregorio Torres Quintero Libros de Texto Gratuito 29/04/2022 LB2002 A1 L5.3 1999 329136 29/04/2022 29/04/2022 Libro